000 00344pam a2200157a 44500
008 230515b2009 xxu||||| |||| 00| 0 eng d
020 _aNULL
041 _aENGLISH
082 _a5.115
100 _aROTH CHARLES H
245 _aFUNDAMENTALS OF LOGIC DESIGN
250 _a5
260 _aDELHI
_bNA
_c2009
300 _a687
650 _aNULL
999 _c637018
_d637018